| 000 | 00501nam a2200181Ia 4500 | ||
|---|---|---|---|
| 001 | 13070 | ||
| 005 | 20260306163026.0 | ||
| 008 | 260306t2013||||xx |||||||||||||| ||spa|| | ||
| 041 | _aESP | ||
| 082 |
_aRD 720.03 _bW26 |
||
| 100 |
_aWare, D. _eAUT |
||
| 245 | 0 |
_aDiccionario manual ilustrado de arquitectura: _bcon los términos más comunes empleados en la construcción |
|
| 260 | _c2013 | ||
| 300 |
_axv, 203 páginas : _c17 cm. |
||
| 650 | _aGEN | ||
| 654 | _aCAU | ||
| 942 |
_cDIC _dJUS _fJUS _2ddc _n |
||
| 999 |
_c13070 _d13070 |
||